000
00305nam a22001337a 4500
008
170306b xxu||||| |||| 00| 0 eng d
020
_a
0815181574
041
_a
eng
080
_a
611
100
_a
6
101
_a
SHM
245
_a
HEART VALVE REPLACEMENT RECONSTRUCTION
_c
STAREK, P.J.K
942
_2
udc
_c
BK
999
_c
6839
_d
6839